Economía pública / (Registro nro. 7694)

Detalles MARC
000 -LEADER
fixed length control field 01020nam a2200241Ia 4500
003 - CONTROL NUMBER IDENTIFIER
control field OSt
005 - DATE AND TIME OF LATEST TRANSACTION
control field 20210421144903.0
008 - FIXED-LENGTH DATA ELEMENTS--GENERAL INFORMATION
fixed length control field 210310s1970 sp gr 001 0 spa d
040 ## - CATALOGING SOURCE
Original cataloging agency CO-JMCR
Transcribing agency CO-JMCR
041 0# - LANGUAGE CODE
Language code of text/sound track or separate title spa
082 04 - DEWEY DECIMAL CLASSIFICATION NUMBER
Classification number 336.001 /
Item number J631e
Edition number 23
100 1# - MAIN ENTRY--PERSONAL NAME
Personal name Johansen, LeIf,
9 (RLIN) 15178
Relator term autor
245 10 - TITLE STATEMENT
Title Economía pública /
Statement of responsibility, etc. Leif Johansen
260 ## - PUBLICATION, DISTRIBUTION, ETC.
Place of publication, distribution, etc. Madrid :
Name of publisher, distributor, etc. [sn],
Date of publication, distribution, etc. 1971
300 ## - PHYSICAL DESCRIPTION
Other physical details xxiii, 340 páginas ;
Dimensions 22 cm.
500 ## - GENERAL NOTE
General note Incluye notas a pie de página e índice de materias.
505 0# - FORMATTED CONTENTS NOTE
Formatted contents note Introducción -- Objetivos instrumentos -- Análisis macroeconómico de problemas de política fiscal -- La deuda pública -- El presupuesto estatal y las cuentas del Estado -- La magnitud del consumo colectivo y la actividad pública -- Formas de imposición y sus efectos -- La economía de las autoridades locales
650 14 - SUBJECT ADDED ENTRY--TOPICAL TERM
Topical term or geographic name entry element Hacienda pública
9 (RLIN) 15180
650 24 - SUBJECT ADDED ENTRY--TOPICAL TERM
Topical term or geographic name entry element Bienes públicos
9 (RLIN) 6455
650 24 - SUBJECT ADDED ENTRY--TOPICAL TERM
Topical term or geographic name entry element Política fiscal
9 (RLIN) 37026
650 24 - SUBJECT ADDED ENTRY--TOPICAL TERM
Topical term or geographic name entry element Análisis económico
9 (RLIN) 37027
942 ## - ADDED ENTRY ELEMENTS (KOHA)
Source of classification or shelving scheme Dewey Decimal Classification
Koha item type Books
Existencias
Withdrawn status Lost status Source of classification or shelving scheme Damaged status Not for loan Collection code Home library Current library Date acquired Source of acquisition Full call number Barcode Date last seen Copy number Koha item type
    Dewey Decimal Classification     Non-fiction Biblioteca Pública José María del Castillo y Rada Biblioteca Pública José María del Castillo y Rada 04/15/2018 Donación 336.001 / J631e 430000724 05/16/2024 Ej.1 Books